Los abandonos /

Guardado en:
Detalles Bibliográficos
Autor principal: Banks, Russell (autor)
Formato: Libro
Idioma:Español
Publicado: Madrid, España : Sexto Piso, 2022, c2022
Colección:(Narrativa Sexto Piso)
Temas:
Etiquetas: Agrega una etiqueta
Sin etiquetas, Sé el primero en etiquetar este registro!

MARC

LEADER 00000nam^a2200000^a^4500
001 000554168
005 20250625103702.0
009 20260310131652.556
020 |a 978-84-18342-93-6 
037 |a Acervo ITESO - Biblioteca 
041 |a ESP 
082 |a 813.  |b BAN 
100 |a Banks, Russell  |e (autor) 
240 1 5 |a [Los abandonos] 
245 1 4 |a Los abandonos /  |c R. Banks ; tr. por Benito Gómez Ibáñez. 
264 4 |a Madrid, España :  |b Sexto Piso,  |c 2022, c2022 
300 |a 325 p. 
336 |a texto  |b txt  |2 rdacontenido 
337 |a sin mediación  |b n  |2 rdamedio 
338 |a volumen  |b nc  |2 rdasoporte 
440 1 |a (Narrativa Sexto Piso) 
500 |a Traducción de: Foregone 
521 |a FIL 2022 DIA 
521 |a FIL 2023 DIA 
649 |a XX 
650 |a Novela Norteamericana 
650 |a Literatura Norteamericana -  |y Siglo XXI 
910 |a Fondo General 
920 |a Impresos - Libros 
930 |a Colección General 
940 |a Literatura 
905 |a 101 
901 |a 0500387401  |b IT1  |c LIT  |i C180100  |u 20250521 
901 |a 0500406163  |b IT1  |c LIT  |i C185212  |u 20250521 
902 |a https://opac.biblio.iteso.mx/vufind/Record/000554168